000 00951nam a2200289 i 4500
001 000012466
003 DO-SdBNP
005 20250717074015.0
007 ta
008 091113s1985 dr 001 f spa d
040 _aDO-SdBNP
_bspa
_cBNPHU
_erda
082 4 _aRD863.44
_bL318t
_222
100 1 _aLara, Francisco A.,
_eautor
_4aut.
_929197
245 1 0 _aTunel vertical :
_bnovela /
_cFrancisco A. Lara.
264 4 _aSanto Domingo :
_bBiblioteca Nacional Pedro Henríquez Ureña (BNPHU),
_c© 1985.
300 _a90 páginas ;
_c21 cm.
336 _atexto
_btxt
_2rdacontent
337 _asin mediación
_bn
_2rdamedia
338 _avolumen
_bnc
_2rda
490 0 _aColección Orfeo
590 _aInventariado, 2019/BT
650 7 _aNovela dominicana
_9223
_2LEMB
650 7 _aLiteratura dominicana.
_967
_2LEMB
710 2 _aBiblioteca Nacional Pedro Henríquez Ureña
_981292
910 _aValidado. Control de calidad MFF
942 _2ddc
_cLBS1
999 _c12123
_d12123